{"text_format":"1","workbook":"xlsx","n_sheets":2,"sheets":["Данные","Лист1"],"not_rendered":{"charts":0,"images":0,"macros":1,"external_links":0,"defined_names":4,"comments":0,"pivot_tables":0},"unopened":[],"bounds":{"document_bytes":16777216,"sheet_cells":100000,"rows_first":2000,"rows_last":500,"rows_between":2000,"halvings":0,"cell_chars":16384,"cell_head_chars":4096},"cells_cut":0,"cells_raw":0,"read":"whole","date_system":"1900"}

{"sheet":"Данные","index":0,"n_rows":51,"n_cols":10,"rows_kept":51,"cut":false,"hidden":false,"merged":[[1,0,1,9]]}
[null,null,null,null,null,null,null,null,"Приложение №1"]
["Перечень актуальных и готовых к реализации невостребованных МТР"]
[]
["Наименование лота","Наименование ОГ","№ лота","№ позиции","Наименование неликвидных (НЛ) и невостребованных ликвидных (НВЛ) материалов","Ед. изм","Количество","Мин. цена реализации за ед., руб., без НДС ","Сумма, руб. без НДС","Место нахождения"]
["СИЗ","ПАО АНК \"Башнефть\" \"Башнефть-Новойл\"",1,1,"Наушники противошумные СОМЗ-1","ШТ",1,47.32,{"$f":"G5*H5","v":47.32},"450045, г. Уфа, ПАО АНК \"Башнефть\" \"Башнефть-Новойл\""]
["СИЗ","ПАО АНК \"Башнефть\" \"Башнефть-Новойл\"",1,2,"Наушники противошумные СОМЗ-1","ШТ",1,47.32,47.32,"450045, г. Уфа, ПАО АНК \"Башнефть\" \"Башнефть-Новойл\""]
["СИЗ","ПАО АНК \"Башнефть\" \"Башнефть-Новойл\"",1,3,"Наушники противошумные СОМЗ-1","ШТ",1,47.32,47.32,"450045, г. Уфа, ПАО АНК \"Башнефть\" \"Башнефть-Новойл\""]
["СИЗ","ПАО АНК \"Башнефть\" \"Башнефть-Новойл\"",1,4,"Наушники противошумные СОМЗ-1","ШТ",1,47.32,47.32,"450045, г. Уфа, ПАО АНК \"Башнефть\" \"Башнефть-Новойл\""]
["СИЗ","ПАО АНК \"Башнефть\" \"Башнефть-Новойл\"",1,5,"Наушники противошумные СОМЗ-1","ШТ",1,47.32,47.32,"450045, г. Уфа, ПАО АНК \"Башнефть\" \"Башнефть-Новойл\""]
["СИЗ","ПАО АНК \"Башнефть\" \"Башнефть-Новойл\"",1,6,"Наушники противошумные СОМЗ-1","ШТ",1,47.32,47.32,"450045, г. Уфа, ПАО АНК \"Башнефть\" \"Башнефть-Новойл\""]
["СИЗ","ПАО АНК \"Башнефть\" \"Башнефть-Новойл\"",1,7,"Наушники противошумные СОМЗ-1","ШТ",1,47.32,47.32,"450045, г. Уфа, ПАО АНК \"Башнефть\" \"Башнефть-Новойл\""]
["СИЗ","ПАО АНК \"Башнефть\" \"Башнефть-Новойл\"",1,8,"Наушники противошумные СОМЗ-1","ШТ",1,47.32,47.32,"450045, г. Уфа, ПАО АНК \"Башнефть\" \"Башнефть-Новойл\""]
["СИЗ","ПАО АНК \"Башнефть\" \"Башнефть-Новойл\"",1,9,"Наушники противошумные СОМЗ-1","ШТ",1,47.32,47.32,"450045, г. Уфа, ПАО АНК \"Башнефть\" \"Башнефть-Новойл\""]
["СИЗ","ПАО АНК \"Башнефть\" \"Башнефть-Новойл\"",1,10,"Наушники противошумные СОМЗ-1","ШТ",1,47.32,47.32,"450045, г. Уфа, ПАО АНК \"Башнефть\" \"Башнефть-Новойл\""]
["СИЗ","ПАО АНК \"Башнефть\" \"Башнефть-Новойл\"",1,11,"Наушники противошумные СОМЗ-1","ШТ",1,47.32,47.32,"450045, г. Уфа, ПАО АНК \"Башнефть\" \"Башнефть-Новойл\""]
["СИЗ","ПАО АНК \"Башнефть\" \"Башнефть-Новойл\"",1,12,"Наушники противошумные СОМЗ-1","ШТ",1,47.32,47.32,"450045, г. Уфа, ПАО АНК \"Башнефть\" \"Башнефть-Новойл\""]
["СИЗ","ПАО АНК \"Башнефть\" \"Башнефть-Новойл\"",1,13,"Наушники противошумные СОМЗ-1","ШТ",1,47.32,47.32,"450045, г. Уфа, ПАО АНК \"Башнефть\" \"Башнефть-Новойл\""]
["СИЗ","ПАО АНК \"Башнефть\" \"Башнефть-Новойл\"",1,14,"Наушники противошумные СОМЗ-1","ШТ",1,47.32,47.32,"450045, г. Уфа, ПАО АНК \"Башнефть\" \"Башнефть-Новойл\""]
["СИЗ","ПАО АНК \"Башнефть\" \"Башнефть-Новойл\"",1,15,"Наушники противошумные СОМЗ-1","ШТ",1,47.32,47.32,"450045, г. Уфа, ПАО АНК \"Башнефть\" \"Башнефть-Новойл\""]
["СИЗ","ПАО АНК \"Башнефть\" \"Башнефть-Новойл\"",1,16,"Наушники противошумные СОМЗ-5","ШТ",20,72.25,1445,"450045, г. Уфа, ПАО АНК \"Башнефть\" \"Башнефть-Новойл\""]
["СИЗ","ПАО АНК \"Башнефть\" \"Башнефть-Новойл\"",1,17,"Наушники противошумные СОМЗ-5","ШТ",1,72.25,72.25,"450045, г. Уфа, ПАО АНК \"Башнефть\" \"Башнефть-Новойл\""]
["СИЗ","ПАО АНК \"Башнефть\" \"Башнефть-Новойл\"",1,18,"Наушники противошумные СОМЗ-5","ШТ",1,72.25,72.25,"450045, г. Уфа, ПАО АНК \"Башнефть\" \"Башнефть-Новойл\""]
["СИЗ","ПАО АНК \"Башнефть\" \"Башнефть-Новойл\"",1,19,"Наушники противошумные СОМЗ-5","ШТ",1,72.25,72.25,"450045, г. Уфа, ПАО АНК \"Башнефть\" \"Башнефть-Новойл\""]
["СИЗ","ПАО АНК \"Башнефть\" \"Башнефть-Новойл\"",1,20,"Наушники противошумные СОМЗ-5","ШТ",1,72.25,72.25,"450045, г. Уфа, ПАО АНК \"Башнефть\" \"Башнефть-Новойл\""]
["СИЗ","ПАО АНК \"Башнефть\" \"Башнефть-Новойл\"",1,21,"Наушники противошумные СОМЗ-5","ШТ",1,72.25,72.25,"450045, г. Уфа, ПАО АНК \"Башнефть\" \"Башнефть-Новойл\""]
["СИЗ","ПАО АНК \"Башнефть\" \"Башнефть-Новойл\"",1,22,"Наушники противошумные СОМЗ-5","ШТ",1,72.25,72.25,"450045, г. Уфа, ПАО АНК \"Башнефть\" \"Башнефть-Новойл\""]
["СИЗ","ПАО АНК \"Башнефть\" \"Башнефть-Новойл\"",1,23,"Наушники противошумные СОМЗ-5","ШТ",1,72.25,72.25,"450045, г. Уфа, ПАО АНК \"Башнефть\" \"Башнефть-Новойл\""]
["СИЗ","ПАО АНК \"Башнефть\" \"Башнефть-Новойл\"",1,24,"Наушники противошумные СОМЗ-5","ШТ",1,72.25,72.25,"450045, г. Уфа, ПАО АНК \"Башнефть\" \"Башнефть-Новойл\""]
["СИЗ","ПАО АНК \"Башнефть\" \"Башнефть-Новойл\"",1,25,"Наушники противошумные СОМЗ-5","ШТ",1,72.25,72.25,"450045, г. Уфа, ПАО АНК \"Башнефть\" \"Башнефть-Новойл\""]
["СИЗ","ПАО АНК \"Башнефть\" \"Башнефть-Новойл\"",1,26,"Наушники противошумные СОМЗ-5","ШТ",1,72.25,72.25,"450045, г. Уфа, ПАО АНК \"Башнефть\" \"Башнефть-Новойл\""]
["СИЗ","ПАО АНК \"Башнефть\" \"Башнефть-Новойл\"",1,27,"Наушники противошумные СОМЗ-5","ШТ",1,72.25,72.25,"450045, г. Уфа, ПАО АНК \"Башнефть\" \"Башнефть-Новойл\""]
["СИЗ","ПАО АНК \"Башнефть\" \"Башнефть-Новойл\"",1,28,"Наушники противошумные СОМЗ-5","ШТ",1,72.25,72.25,"450045, г. Уфа, ПАО АНК \"Башнефть\" \"Башнефть-Новойл\""]
["СИЗ","ПАО АНК \"Башнефть\" \"Башнефть-Новойл\"",1,29,"Наушники противошумные СОМЗ-5","ШТ",1,72.25,72.25,"450045, г. Уфа, ПАО АНК \"Башнефть\" \"Башнефть-Новойл\""]
["СИЗ","ПАО АНК \"Башнефть\" \"Башнефть-Новойл\"",1,30,"Наушники противошумные СОМЗ-5","ШТ",1,72.25,72.25,"450045, г. Уфа, ПАО АНК \"Башнефть\" \"Башнефть-Новойл\""]
["СИЗ","ПАО АНК \"Башнефть\" \"Башнефть-Новойл\"",1,31,"Наушники противошумные СОМЗ-5","ШТ",1,72.25,72.25,"450045, г. Уфа, ПАО АНК \"Башнефть\" \"Башнефть-Новойл\""]
["СИЗ","ПАО АНК \"Башнефть\" \"Башнефть-Новойл\"",1,32,"Наушники противошумные СОМЗ-5","ШТ",1,72.25,72.25,"450045, г. Уфа, ПАО АНК \"Башнефть\" \"Башнефть-Новойл\""]
["СИЗ","ПАО АНК \"Башнефть\" \"Башнефть-Новойл\"",1,33,"Наушники противошумные СОМЗ-5","ШТ",1,72.25,72.25,"450045, г. Уфа, ПАО АНК \"Башнефть\" \"Башнефть-Новойл\""]
["СИЗ","ПАО АНК \"Башнефть\" \"Башнефть-Новойл\"",1,34,"Наушники противошумные СОМЗ-1","ШТ",4,47.32,189.28,"450045, г. Уфа, ПАО АНК \"Башнефть\" \"Башнефть-Новойл\""]
["СИЗ","ПАО АНК \"Башнефть\" \"Башнефть-Новойл\"",1,35,"Наушники противошумные СОМЗ-1","ШТ",2,47.32,94.64,"450045, г. Уфа, ПАО АНК \"Башнефть\" \"Башнефть-Новойл\""]
["СИЗ","ПАО АНК \"Башнефть\" \"Башнефть-Новойл\"",1,36,"Наушники противошумные СОМЗ-1","ШТ",2,47.32,94.64,"450045, г. Уфа, ПАО АНК \"Башнефть\" \"Башнефть-Новойл\""]
["СИЗ","ПАО АНК \"Башнефть\" \"Башнефть-Новойл\"",1,37,"Наушники противошумные СОМЗ-1","ШТ",1,47.32,47.32,"450045, г. Уфа, ПАО АНК \"Башнефть\" \"Башнефть-Новойл\""]
["СИЗ","ПАО АНК \"Башнефть\" \"Башнефть-Новойл\"",1,38,"Наушники противошумные СОМЗ-1","ШТ",22,47.32,1041.04,"450045, г. Уфа, ПАО АНК \"Башнефть\" \"Башнефть-Новойл\""]
["СИЗ","ПАО АНК \"Башнефть\" \"Башнефть-Новойл\"",1,39,"Наушники противошумные СОМЗ-1","ШТ",1,47.32,47.32,"450045, г. Уфа, ПАО АНК \"Башнефть\" \"Башнефть-Новойл\""]
["СИЗ","ПАО АНК \"Башнефть\" \"Башнефть-Новойл\"",1,40,"Наушники противошумные СОМЗ-5","ШТ",98,72.25,7080.5,"450045, г. Уфа, ПАО АНК \"Башнефть\" \"Башнефть-Новойл\""]
["СИЗ","ПАО АНК \"Башнефть\" \"Башнефть-Новойл\"",1,41,"Фартук прорезиненный","ШТ",8,41.07,328.56,"450045, г. Уфа, ПАО АНК \"Башнефть\" \"Башнефть-Новойл\""]
["СИЗ","ПАО АНК \"Башнефть\" \"Башнефть-Новойл\"",1,42,"Фартук прорезиненный","ШТ",7,47.85,334.95,"450045, г. Уфа, ПАО АНК \"Башнефть\" \"Башнефть-Новойл\""]
["СИЗ","ПАО АНК \"Башнефть\" \"Башнефть-Новойл\"",1,43,"Х Перчатки Дизель(NF-06) МБС","ПАР",149,33.04,4922.96,"450045, г. Уфа, ПАО АНК \"Башнефть\" \"Башнефть-Новойл\""]
["СИЗ","ПАО АНК \"Башнефть\" \"Башнефть-Новойл\"",1,44,"Х Перчатки Дизель(NF-06) МБС","ПАР",50,33.04,1652,"450045, г. Уфа, ПАО АНК \"Башнефть\" \"Башнефть-Новойл\""]
["СИЗ","ПАО АНК \"Башнефть\" \"Башнефть-Новойл\"",1,45,"Х Перчатки Дизель(NF-06) МБС","ПАР",1,33.04,33.04,"450045, г. Уфа, ПАО АНК \"Башнефть\" \"Башнефть-Новойл\""]
["СИЗ","ПАО АНК \"Башнефть\" \"Башнефть-Новойл\"",1,46,"Х Перчатки Дизель(NF-06) МБС","ПАР",67,33.04,2213.6799999999998,"450045, г. Уфа, ПАО АНК \"Башнефть\" \"Башнефть-Новойл\""]
["СИЗ","ПАО АНК \"Башнефть\" \"Башнефть-Новойл\"",1,47,"Х Перчатки диэл.Honeywell Electrosoft110","ШТ",12,387.3,4647.6000000000004,"450045, г. Уфа, ПАО АНК \"Башнефть\" \"Башнефть-Новойл\""]

{"sheet":"Лист1","index":1,"n_rows":0,"n_cols":0,"rows_kept":0,"cut":false,"hidden":false,"merged":[]}